| 000 | 00863nam a2200253Ia 4500 | ||
|---|---|---|---|
| 003 | OSt | ||
| 005 | 20220923211356.0 | ||
| 006 | a|||||r|||| 00| 0 | ||
| 007 | ta | ||
| 008 | 220922b |||||||| |||| 00| 0 hin d | ||
| 020 |
_a9788188125739 (hbk) _c70 |
||
| 024 | _a233,848 | ||
| 037 |
_b430, 04/03/2008, University Book House _cTextual |
||
| 040 |
_aARTS _cARTS _bhin |
||
| 041 |
_2hin _ahin |
||
| 082 | _aO152,3NSH,F, P8 | ||
| 100 | _aशंकर शेष | ||
| 245 | 0 | _aधर्मक्षेत्र कुरूक्षेत्र | |
| 246 | _aDharmakṣhetra kurūkṣhetra | ||
| 260 |
_aदिल्ली _b जगतराम एण्ड सन्स _c2008 |
||
| 300 |
_a91पृ. _ccm. |
||
| 942 |
_hO152,3NSH,F, P8 _cTEXL _2CC |
||
| 999 |
_c298893 _d298893 |
||